000 00322nam a2200133Ia 4500
005 20251222144751.0
008 251222s9999||||xx |||||||||||||| ||spa||
020 _a84-7151-543-1
082 _a301/A97
100 _aAzcona, Jesús
245 0 _aPara comprender la Antropología:
264 _bVerbo Divino
942 _cLIB
999 _c19350
_d19350